00483 2200181 4500001002100000005001500021035002000036245005600056100001800112300002800130260003400158082000800192084001400200020002200214008004100236990001200277990001200289INLIS00000000000292720250912012606 a0010-09250002741 aMenjejalah Dunia Biologi Kelas XII /cSri Pujiyanto0 aSri Pujiyanto a176 hlm ;c20 x 25,5 cm aSolo :bTiga Serangkai,c2025 a574 a574 SRI m a978-623-269-870-3250912 0  a0755114 a0755115